Statistics for Condemned Roman Emperors

Click here to take the quiz!

General Stats

  • This quiz has been taken 50 times
  • The average score is 13 of 27

Answer Stats

DynastyAnswer% Correct
Julio-ClaudianCaligula
100%
Julio-ClaudianNero
95%
AntonianCommodus
77%
SeveranSeverus Alexander
73%
ConstantinianConstantine II
66%
TetrarchyValerius Severus
61%
FlavianDomitian
59%
SeveranElagabalus
50%
SeveranGeta
50%
TetrarchyDiocletian
48%
Crisis of the Third CenturyTrajan Decius
45%
ConstantinianConstans
43%
SeveranMacrinus
43%
Crisis of the Third CenturyAurelian
39%
TetrarchyMaximinus II
39%
Crisis of the Third CenturyMaximinus Thrax
39%
Crisis of the Third CenturyPhilip the Arab
39%
Crisis of the Third CenturyCarus
36%
TetrarchyMaximian
36%
Crisis of the Third CenturyProbus
34%
Crisis of the Third CenturyGallienus
32%
Crisis of the Third CenturyNumerian
32%
Crisis of the Third CenturyCarinus
30%
TetrarchyLicinius
30%
TetrarchyMaxentius
27%
Crisis of the Third CenturyAemilian
20%
Crisis of the Third CenturyHostilian
20%

Score Distribution

Percentile by Number Answered

Percent of People with Each Score

Your Score History

You have not taken this quiz